<?xml version="1.0" encoding="UTF-8"?><?xml-stylesheet type="text/xsl" href="static/style.xsl"?><OAI-PMH xmlns="http://www.openarchives.org/OAI/2.0/" xmlns:xsi="http://www.w3.org/2001/XMLSchema-instance" xsi:schemaLocation="http://www.openarchives.org/OAI/2.0/ http://www.openarchives.org/OAI/2.0/OAI-PMH.xsd"><responseDate>2026-04-17T11:43:50Z</responseDate><request verb="GetRecord" identifier="oai:riubu.ubu.es:10259/9935" metadataPrefix="marc">https://riubu.ubu.es/oai/request</request><GetRecord><record><header><identifier>oai:riubu.ubu.es:10259/9935</identifier><datestamp>2025-01-16T01:05:40Z</datestamp><setSpec>com_10259_6171</setSpec><setSpec>com_10259_5086</setSpec><setSpec>com_10259_2604</setSpec><setSpec>col_10259_6172</setSpec></header><metadata><record xmlns="http://www.loc.gov/MARC21/slim" xmlns:doc="http://www.lyncode.com/xoai" xmlns:xsi="http://www.w3.org/2001/XMLSchema-instance" xmlns:dcterms="http://purl.org/dc/terms/" xsi:schemaLocation="http://www.loc.gov/MARC21/slim http://www.loc.gov/standards/marcxml/schema/MARC21slim.xsd">
<leader>00925njm 22002777a 4500</leader>
<datafield tag="042" ind1=" " ind2=" ">
<subfield code="a">dc</subfield>
</datafield>
<datafield tag="720" ind1=" " ind2=" ">
<subfield code="a">Ortega López, Vanesa</subfield>
<subfield code="e">author</subfield>
</datafield>
<datafield tag="720" ind1=" " ind2=" ">
<subfield code="a">Faleschini, Flora</subfield>
<subfield code="e">author</subfield>
</datafield>
<datafield tag="720" ind1=" " ind2=" ">
<subfield code="a">Hurtado Alonso, Nerea</subfield>
<subfield code="e">author</subfield>
</datafield>
<datafield tag="720" ind1=" " ind2=" ">
<subfield code="a">Manso Morato, Javier</subfield>
<subfield code="e">author</subfield>
</datafield>
<datafield tag="720" ind1=" " ind2=" ">
<subfield code="a">Revilla Cuesta, Víctor</subfield>
<subfield code="e">author</subfield>
</datafield>
<datafield tag="260" ind1=" " ind2=" ">
<subfield code="c">2024</subfield>
</datafield>
<datafield tag="520" ind1=" " ind2=" ">
<subfield code="a">End-of-life wind-turbine blades undergo non-selective crushing to produce Raw-Crushed Wind-Turbine Blade (RCWTB), which can be recycled as a raw material in concrete. RCWTB contains fibers from glass fiber-reinforced polymer that can add ductility and load-bearing capacity to concrete. Concrete mixes with percentage additions of between 0.0 % and 6.0 % RCWTB by volume are produced to analyze their compressive stress–strain performance, their deflection under bending forces, and their deformability under indirect-tensile stresses. Higher RCWTB contents increased deformability in the longitudinal direction under compression, the concrete material absorbing energy levels that were up to 111.4 % higher, even though additions of only 6.0 % RCWTB were sufficient to strengthen the load-bearing capacity. RCWTB fiber stitching effect was most noticeable in the transverse direction under compression, as it reduced elastic deformability and failure strain, removed the yield step caused by vertical-splitting cracking, and increased the fracture strain by up to 94.4 %. With regard to deflection, RCWTB fibers conditioned concrete compliance at advanced ages without any dependence on the modulus of elasticity, and percentage additions from 3.0 % provided load-bearing capacity. This advantage was also noted in indirect-tensile stresses for 6.0 % RCWTB. In summary, RCWTB successfully increased the ductility and load-bearing capacity of concrete per unit strength and carbon footprint.</subfield>
</datafield>
<datafield tag="024" ind2=" " ind1="8">
<subfield code="a">0263-8223</subfield>
</datafield>
<datafield tag="024" ind2=" " ind1="8">
<subfield code="a">http://hdl.handle.net/10259/9935</subfield>
</datafield>
<datafield tag="024" ind2=" " ind1="8">
<subfield code="a">10.1016/j.compstruct.2024.118170</subfield>
</datafield>
<datafield ind1=" " ind2=" " tag="653">
<subfield code="a">Raw-crushed wind-turbine blade</subfield>
</datafield>
<datafield ind1=" " ind2=" " tag="653">
<subfield code="a">Concrete</subfield>
</datafield>
<datafield ind1=" " ind2=" " tag="653">
<subfield code="a">Stress-strain curve</subfield>
</datafield>
<datafield ind1=" " ind2=" " tag="653">
<subfield code="a">Transverse deformation</subfield>
</datafield>
<datafield ind1=" " ind2=" " tag="653">
<subfield code="a">Load-deflection curve</subfield>
</datafield>
<datafield ind1=" " ind2=" " tag="653">
<subfield code="a">Deformability under indirect-tensile stresses</subfield>
</datafield>
<datafield tag="245" ind1="0" ind2="0">
<subfield code="a">Analysis of raw-crushed wind-turbine blade as an overall concrete addition: Stress–strain and deflection performance effects</subfield>
</datafield>
</record></metadata></record></GetRecord></OAI-PMH>